Beef production and distribution / (Record no. 13945)
[ view plain ]
| 000 -LEADER | |
|---|---|
| fixed length control field | 00734nam a2200253 a 4500 |
| 001 - CONTROL NUMBER | |
| control field | 13945 |
| 003 - CONTROL NUMBER IDENTIFIER | |
| rucl marc code | BD-RjUL |
| 005 - DATE AND TIME OF LATEST TRANSACTION | |
| control field | 20211208235537.0 |
| 008 - FIXED-LENGTH DATA ELEMENTS--GENERAL INFORMATION | |
| fixed length control field | 140203s1960 okua 001 0 eng d |
| 035 ## - SYSTEM CONTROL NUMBER | |
| System control number | (BD-RjUL)13997 |
| 040 ## - CATALOGING SOURCE | |
| Original cataloging agency | ANL |
| Language of cataloging | eng |
| Transcribing agency | ANL |
| Modifying agency | BD-RjUL |
| 041 ## - LANGUAGE CODE | |
| Language code of text/sound track or separate title | eng |
| 082 04 - DEWEY DECIMAL CLASSIFICATION NUMBER | |
| Classification number | 338.176213 |
| Author mark and year | DEB 1960 |
| 100 1# - MAIN ENTRY--PERSONAL NAME | |
| Personal name | DeGraff, Herrell Franklin, |
| Dates associated with a name | 1908- |
| 9 (RLIN) | 43599 |
| 245 10 - TITLE STATEMENT | |
| Title | Beef production and distribution / |
| Statement of responsibility, etc. | Herrell Franklin DeGraff. |
| 250 ## - EDITION STATEMENT | |
| Edition statement | 1st ed. |
| 260 ## - PUBLICATION, DISTRIBUTION, ETC. (IMPRINT) | |
| Place of publication, distribution, etc. | Norman : |
| Name of publisher, distributor, etc. | University of Oklahoma Press, |
| Date of publication, distribution, etc. | 1960. |
| 300 ## - PHYSICAL DESCRIPTION | |
| Pagination | xx, 252 p. : |
| Illustrations | ill.; |
| Size | 24 cm. |
| 504 ## - BIBLIOGRAPHY, ETC. NOTE | |
| Bibliography, etc | Includes index. |
| 650 #0 - SUBJECT ADDED ENTRY--TOPICAL TERM | |
| Topical term or geographic name as entry element | Cattle trade |
| Geographic subdivision | United States. |
| 9 (RLIN) | 43600 |
| 942 ## - ADDED ENTRY ELEMENTS (KOHA) | |
| Source of classification or shelving scheme | Dewey Decimal Classification |
| Koha item type | Books |
| Lost status | Source of classification or shelving scheme | Damaged status | Not for loan | Collection code | Permanent Location | Current Location | Shelving location | Date acquired | Source of acquisition | Cost, normal purchase price | Total Checkouts | Full call number | Date last seen | Copy number | Koha item type |
|---|---|---|---|---|---|---|---|---|---|---|---|---|---|---|---|
| Dewey Decimal Classification | Not For Loan | Non-fiction | Central Library, University of Rajshahi | Central Library, University of Rajshahi | Reading Room | 07/02/1963 | Zeitlinger | 35.00 | 338.176213 DEB 1960 | 03/02/2014 | C-1 | Books |